<?xml version="1.0" encoding="UTF-8"?><?xml-stylesheet type="text/xsl" href="static/style.xsl"?><OAI-PMH xmlns="http://www.openarchives.org/OAI/2.0/" xmlns:xsi="http://www.w3.org/2001/XMLSchema-instance" xsi:schemaLocation="http://www.openarchives.org/OAI/2.0/ http://www.openarchives.org/OAI/2.0/OAI-PMH.xsd"><responseDate>2026-04-13T01:45:29Z</responseDate><request verb="GetRecord" identifier="oai:www.recercat.cat:20.500.12327/4802" metadataPrefix="marc">https://recercat.cat/oai/request</request><GetRecord><record><header><identifier>oai:recercat.cat:20.500.12327/4802</identifier><datestamp>2025-11-01T17:08:03Z</datestamp><setSpec>com_2072_4428</setSpec><setSpec>com_2072_4427</setSpec><setSpec>col_2072_487898</setSpec></header><metadata><record xmlns="http://www.loc.gov/MARC21/slim" xmlns:dcterms="http://purl.org/dc/terms/" xmlns:xsi="http://www.w3.org/2001/XMLSchema-instance" xmlns:doc="http://www.lyncode.com/xoai" xsi:schemaLocation="http://www.loc.gov/MARC21/slim http://www.loc.gov/standards/marcxml/schema/MARC21slim.xsd">
   <leader>00925njm 22002777a 4500</leader>
   <datafield ind2=" " ind1=" " tag="042">
      <subfield code="a">dc</subfield>
   </datafield>
   <datafield ind2=" " ind1=" " tag="720">
      <subfield code="a">Cobos, Àlex</subfield>
      <subfield code="e">author</subfield>
   </datafield>
   <datafield ind2=" " ind1=" " tag="720">
      <subfield code="a">Huerta Medina, Eva</subfield>
      <subfield code="e">author</subfield>
   </datafield>
   <datafield ind2=" " ind1=" " tag="720">
      <subfield code="a">Pérez Maíllo, Mónica</subfield>
      <subfield code="e">author</subfield>
   </datafield>
   <datafield ind2=" " ind1=" " tag="720">
      <subfield code="a">Estruch, Josep</subfield>
      <subfield code="e">author</subfield>
   </datafield>
   <datafield ind2=" " ind1=" " tag="720">
      <subfield code="a">Velarde, Roser</subfield>
      <subfield code="e">author</subfield>
   </datafield>
   <datafield ind2=" " ind1=" " tag="720">
      <subfield code="a">Tampach, Stefania</subfield>
      <subfield code="e">author</subfield>
   </datafield>
   <datafield ind2=" " ind1=" " tag="720">
      <subfield code="a">Sibila, Marina</subfield>
      <subfield code="e">author</subfield>
   </datafield>
   <datafield ind2=" " ind1=" " tag="720">
      <subfield code="a">Segalés, Joaquim</subfield>
      <subfield code="e">author</subfield>
   </datafield>
   <datafield ind2=" " ind1=" " tag="260">
      <subfield code="c">2025-08-30</subfield>
   </datafield>
   <datafield ind2=" " ind1=" " tag="520">
      <subfield code="a">Porcine circovirus 3 (PCV3) is known to endemically circulate in domestic pigs, both in intensive and extensive settings.&#xd;
This virus occasionally causes reproductive and/or postnatal disease, although its full impact is currently undetermined. The&#xd;
appearance of such diseases is most remarkably correlated with the presence of vascular lesions consisting of periarteritis&#xd;
in medium and small calibre arteries, which are found in many tissues, but are most consistently and abundantly detected&#xd;
within the mesenteric arterial plexus. Multiple studies demonstrated PCV3 high prevalence in wild boar (Sus scrofa) as&#xd;
well, which poses a risk as a potential wildlife reservoir. Nevertheless, no studies have specifically tackled the potential&#xd;
pathogenic role of PCV3 in wild boar populations. In this study, we evaluated the presence of periarteritis in a large&#xd;
number of tissues (mostly mesenteric plexus) from wild boar necropsied as part of a disease-monitoring program in&#xd;
Catalonia (northeastern Spain). The presence of PCV3 genome was evaluated by PCR (in serum samples) and in situ&#xd;
hybridization (ISH) (in tissues). While PCV3 presence was confirmed in 26 out of 87 (29.89%) serum samples, none of&#xd;
the tissue samples displayed histopathological lesions compatible with PCV3-associated disease (PCV3-AD). Moreover,&#xd;
ISH revealed PCV3 genome in lymphoid follicles in 4/6 studied cases (in which lymphoid tissue was available), and&#xd;
only one animal displayed mild arterial labelling despite absence of histological lesions. The lack of evidence of lesions&#xd;
associated to PCV3 in wild boar is probably related to ecological and epidemiological factors, which greatly differ from&#xd;
domesticated populations. Therefore, we hypothesize that the occurrence of PCV3-AD in wild boar is highly unlikely,&#xd;
with low or negligible impact on its populations.</subfield>
   </datafield>
   <datafield ind1="8" ind2=" " tag="024">
      <subfield code="a">Cobos, Àlex, Eva Huerta, Mónica Pérez, Josep Estruch, Roser Velarde, Stefania Tampach, Marina Sibila, and Joaquim Segalés. 2025. “Porcine Circovirus 3 Subclinical Infection in Wild Boar Is Not Associated With Systemic Lesions.” European Journal of Wildlife Research 71 (5): 97. https://doi.org/10.1007/s10344-025-01981-w.</subfield>
   </datafield>
   <datafield ind1="8" ind2=" " tag="024">
      <subfield code="a">1612-4642</subfield>
   </datafield>
   <datafield ind1="8" ind2=" " tag="024">
      <subfield code="a">http://hdl.handle.net/20.500.12327/4802</subfield>
   </datafield>
   <datafield ind1="8" ind2=" " tag="024">
      <subfield code="a">https://doi.org/10.1007/s10344-025-01981-w</subfield>
   </datafield>
   <datafield ind2="0" ind1="0" tag="245">
      <subfield code="a">Porcine circovirus 3 subclinical infection in wild boar is not associated with systemic lesions</subfield>
   </datafield>
</record></metadata></record></GetRecord></OAI-PMH>